000 01292cam a22003614a 4500
999 _c58733
_d58733
001 15179078
005 20220711123633.0
008 080213s2008 nyua b 001 0 eng c
010 _a 2008922934
015 _aGBA814098
_2bnb
016 7 _a014508827
_2Uk
020 _a9780387338415 (hbk.)
020 _a0387338411 (hbk.)
035 _a(OCoLC)ocn191755563
040 _aUKM
_cUKM
_dBAKER
_dOHX
_dOCLCG
_dCDX
_dTJC
_dDLC
042 _apcc
050 0 0 _aQA612.23
_b.K37 2008
080 _a514 K-22
100 1 _aKassel, Christian.
_914352
245 1 0 _aBraid groups /
_cChristian Kassel, Vladimir Turaev ; with the graphical assistance of Olivier Dodane.
260 _aNew York, NY :
_bSpringer,
_cc2008.
300 _axi, 340 p. :
_bill. ;
_c25 cm.
440 0 _aGraduate texts in mathematics ;
_v247
_99001
504 _aIncludes bibliographical references (p. [327]-336) and index.
650 0 _aBraid theory.
_914353
650 0 _aგეომეტრია
_914354
650 0 _aმათემატიკა
_914346
700 1 _aTuraev, V. G.
_q(Vladimir G.),
_d1954-
_914355
906 _a7
_bcbc
_cpccadap
_d2
_eepcn
_f20
_gy-gencatlg
942 _2udc
_cBK
955 _ajp00 2008-09-12 z-processor to ASCD/CCPT
_ijx12 2008-10-01
_aaa07 2008-10-09
955 _apc17 2008-02-13